Educación y filosofía en el aula (Registro nro. 6145)

Detalles MARC
000 -LEADER
fixed length control field 00973 a2200229 4500
001 - CONTROL NUMBER
control field 57153
005 - DATE AND TIME OF LATEST TRANSACTION
control field 20260407155834.0
008 - FIXED-LENGTH DATA ELEMENTS--GENERAL INFORMATION
fixed length control field 260407a1994 arg spa d
003 - CONTROL NUMBER IDENTIFIER
control field AR-UNSa-BCEJYS
040 ## - CATALOGING SOURCE
Original cataloging agency AR-UNSa-BCEJYS
Language of cataloging spa
Transcribing agency AR-UNSa-BCEJYS
080 ## - UNIVERSAL DECIMAL CLASSIFICATION NUMBER
Universal Decimal Classification number 37.015.3
Common auxiliary subdivision Psicología de la educación
020 ## - INTERNATIONAL STANDARD BOOK NUMBER
International Standard Book Number 84-493-0068-1
041 ## - LANGUAGE CODE
Language code of text/sound track or separate title spa
100 1# - MAIN ENTRY--PERSONAL NAME
Personal name Calvo, José M.
245 10 - TITLE STATEMENT
Title Educación y filosofía en el aula
264 #1 - PRODUCTION, PUBLICATION, DISTRIBUTION, MANUFACTURE, AND COPYRIGHT NOTICE
Place of production, publication, distribution, manufacture Barcelona :
Name of producer, publisher, distributor, manufacturer Paidós
Date of production, publication, distribution, manufacture, or copyright notice 1994
300 ## - PHYSICAL DESCRIPTION
Extent 123 p.
Dimensions 22 cm.
505 ## - FORMATTED CONTENTS NOTE
Formatted contents note 1. Nuevo concepto de educación – 2. Comienza el curso – 3. Yo soy el profesor – 4. Investigando en el aula: buscamos la verdad – 5. Nuestro primer día – 6. Descubrimos, investigamos y aprendemos juntos – 7. Evaluación, autoevaluación o que – 8. Y llegamos a este punto.
590 ## - LOCAL NOTE (RLIN)
Local note niveau_biblio:m niveau_hierar:0
856 41 - ELECTRONIC LOCATION AND ACCESS
Uniform Resource Identifier <a href="https://biblioeco.unsa.edu.ar/pmb/images/libros/L128723.jpg">https://biblioeco.unsa.edu.ar/pmb/images/libros/L128723.jpg</a>
Link text Imagen de portada
Electronic format type image/jpeg
942 ## - ADDED ENTRY ELEMENTS (KOHA)
Koha item type
Existencias
Withdrawn status Lost status Damaged status Not for loan Home library Current library Shelving location Date acquired Total checkouts Full call number Barcode Date last seen Price effective from Koha item type
        Biblioteca Prof. Eusebio Cleto del Rey Biblioteca Prof. Eusebio Cleto del Rey   07/04/2026   37.015.3 C169 L128723 07/04/2026 07/04/2026 Libro